000 00655nam a2200205Ia 4500
008 191130s2007##################000#0#eng##
020 _a9780471793816
022 _a2006010289
040 _aACL
_cACL
082 _a641.5945 QUI
100 _aScala Quinn, Lucinda
245 _aLucinda's rustic Italian kitchen
_cLucinda Scala Quinn ; photographs by Quentin Bacon
260 _aHoboken, NJ
_bJohn Wiley & Sons
_c2007
300 _a120 p. : ill. (chiefly col.) ; 21 cm
500 _aIncludes bibliographical references and index
650 _aCooking, Italian
990 _a72e943d4ac10000c3e441bb4f8a4c757
991 _a314191
999 _c236195
_d236195